| 000 | 01447nac a22003971u 4500 | ||
|---|---|---|---|
| 003 | EG-ScBUE | ||
| 005 | 20220908103428.0 | ||
| 008 | 150831t2006 njua f b 001 0 eng d | ||
| 020 | _a0131916076 (pbk.) | ||
| 020 | _a9780131916074 | ||
| 040 |
_aEG-SbBUE _beng _erda _cEG-SbBUE _dEG-ScBUE |
||
| 082 | 0 | 4 |
_a709 _bJAN _222 |
| 100 | 1 |
_aJanson, H. W. _q(Horst Woldemar), _d1913-1982, _eauthor. |
|
| 245 | 1 | 2 |
_aA basic history of western art / _cH. W. Janson, Anthony F. Janson, in collaboration with Frima Fox Hofrichter, Joseph Jacobs, Andrew Stewart. |
| 250 | _aSeventh edition. | ||
| 264 | 1 |
_aNew Jersey : _bPrentice Hall, _c[2006] |
|
| 264 | 4 | _cc2006 | |
| 300 |
_axix, 682 pages : _billustrations (some color), maps ; _c30 cm + _e1 CD |
||
| 336 |
_2rdacontent _atext _btxt |
||
| 336 |
_2rdacontent _asounds _bsnd |
||
| 337 |
_2rdamedia _aunmediated _bn |
||
| 337 |
_2rdamedia _aaudio _bs |
||
| 338 |
_2rdacarrier _avolume _bnc |
||
| 338 |
_2rdacarrier _acomputer disc _bcd |
||
| 504 | _aIncludes bibliographical references and index. | ||
| 590 | _adoaa | ||
| 650 | 7 |
_aArt _xHistory. _2BUEsh _911177 |
|
| 651 | _2BUEsh | ||
| 653 |
_bENGARC _cAugust2015 |
||
| 655 |
_vReading book _934232 |
||
| 700 | 1 |
_aJanson, Anthony F., _eauthor. |
|
| 700 | 1 |
_aHofrichter, Frima Fox, _econtributor. |
|
| 700 | 1 |
_aJacobs, Joseph, _d1854-1916, _econtributor. |
|
| 700 | 1 |
_aStrathern, Andrew, _econtributor. |
|
| 942 |
_cBB _k709 JAN _2ddc |
||
| 999 |
_c6318 _d6318 |
||